000
00329nam a2200133Ia 4500
005
20251222141849.0
008
251222s9999||||xx |||||||||||||| ||spa||
020
_a
8497182839
082
_a
708/J89
245
0
_a
Catálogo de Obras Restauradas 1999-2003
250
_a
1ra.ed.
264
_b
Junta de Castilla y León
942
_c
LIB
999
_c
7679
_d
7679